| 000 | 00358nam a2200121 4500 | ||
|---|---|---|---|
| 999 |
_c13511 _d13511 |
||
| 008 | 190327b ||||| |||| 00| 0 eng d | ||
| 100 |
_937762 _aDoquila, Gilford A. |
||
| 245 |
_aPArents' net educ vs child cyberporn/ _cGilford A. Doquila |
||
| 260 |
_aDavao City _bSun Star Davao _cc2018 |
||
| 300 | _apage 4. | ||
| 650 | 0 |
_937763 _aParenting. |
|
| 942 |
_2ddc _cPER |
||